Ensayos sobre diseño: diseñadores influyentes de la AGI
Guardat en:
| Format: | Llibre |
|---|---|
| Idioma: | espanyol |
| Publicat: |
Buenos Aires
Infinito
2001
|
| Edició: | 1a. ed |
| Col·lecció: | Biblioteca de Diseño
|
| Matèries: | |
| Etiquetes: |
Afegir etiqueta
Sense etiquetes, Sigues el primer a etiquetar aquest registre!
|
MARC
| LEADER | 00000nam a2200000 a 4500 | ||
|---|---|---|---|
| 001 | UCI2975 | ||
| 003 | CL-VaPUC | ||
| 008 | 071005e20010000AG |||||||||||||||||spa|d | ||
| 020 | |a 9879393074 | ||
| 082 | 0 | 4 | |a 741.6 |b ENS |2 21 |
| 245 | 1 | 0 | |a Ensayos sobre diseño: diseñadores influyentes de la AGI |
| 250 | |a 1a. ed | ||
| 300 | |a 193 p | ||
| 942 | |c BK | ||
| 945 | |d 20071005 00:00:00 |a cmena | ||
| 260 | |a Buenos Aires |b Infinito |c 2001 | ||
| 650 | 0 | |a Diseño gráfico |9 266874 | |
| 650 | 0 | |a Responsabilidad social |9 339076 | |
| 650 | 0 | |a Tipografía |9 266998 | |
| 650 | 0 | |a Diseñadores |9 493055 | |
| 650 | 0 | |a Arte contemporáneo |9 338008 | |
| 583 | |a last modification |c 20071005 00:00:00 |k Rodrigo Vera | ||
| 490 | 0 | |a Biblioteca de Diseño | |
| 999 | |c 327377 |d 327375 | ||
| 952 | |0 0 |1 0 |4 0 |6 741_600000000000000_ENS_2001 |7 0 |8 A |9 410153 |a BIBARQ |b BIBARQ |d 2019-11-22 |i 433728K |l 1 |o 741.6 ENS 2001 |p 433728K |r 2025-01-20 |s 2023-08-28 |w 2019-11-22 |y BK |k ARQ | ||